000 00398nam a2200169Ia 4500
008 230524s9999 xx 000 0 und d
020 _a8188429244
082 _a621.352
_bREK
100 _aCH Kranthi Rekha
245 0 _aDigital Communication
250 _a1ST
260 _aCHENNAI
_bScitech
_c2003
300 _aXV;400
500 _aQuantity Number: 2
650 _aElectronics
942 _cBK
999 _c7228
_d7228